[Event "Soviet zonal"]
[Site "Vilnius URS"]
[Date "1975.08.??"]
[Round "1"]
[White "Alburt, Lev"]
[Black "Gufeld, Eduard"]
[Result "1-0"]
[WhiteElo "2420"]
[BlackElo "2535"]
[EventDate "1975.08.06"]
[PlyCount "117"]

1.c4 g6 2.d4 Bg7 3.Nc3 d6 4.e4 Nf6 5.Be2 O-O 6.Bg5 h6 7.Be3 e5 8.d5 c6 9.
Qd2 cxd5 10.cxd5 h5 11.h3 Na6 12.Bf3 Bd7 13.Nge2 b5 14.a3 Nc5 15.Rb1 Nh7 
16.b4 Na4 17.Nxa4 bxa4 18.g4 f5 19.gxf5 gxf5 20.exf5 Rxf5 21.Bg2 Qh4 22.
Ng3 Rf4 23.Qe2 a6 24.Qxh5 Qe7 25.O-O Rh4 26.Qg6 Rf8 27.Rfc1 Rf6 28.Bg5 
Nxg5 29.Qxg5 Rhh6 30.Rc7 Rhg6 31.Qh5 Qe8 32.Rbc1 Bh6 33.R1c2 Bf4 34.R2c3 
e4 35.Rxd7 Qxd7 36.Nxe4 Qg7 37.Nxf6+ Rxf6 38.Rc8+ Rf8 39.Rxf8+ Kxf8 40.
Qf5+ Qf7 41.Qc8+ Qe8 42.Qf5+ Qf7 43.Qc8+ Qe8 44.Qxa6 Qe1+ 45.Bf1 Be5 46.
Qxa4 Qe4 47.Qd1 Qf4 48.Bg2 Ke7 49.b5 Bd4 50.Qe1+ Kd8 51.a4 Bc5 52.a5 Qa4 
53.b6 Bb4 54.Qc1 Qxa5 55.b7 Qc7 56.Qg5+ Kd7 57.Qg4+ Ke7 58.Qg7+ Kd8 59.
Qf8+ 1-0

[Event "Soviet zonal"]
[Site "Vilnius URS"]
[Date "1975.08.??"]
[Round "1"]
[White "Gulko, Boris"]
[Black "Dvoretsky, Mark"]
[Result "1-0"]
[WhiteElo "2480"]
[BlackElo "2495"]
[EventDate "1975.08.06"]
[PlyCount "123"]

1.d4 Nf6 2.c4 g6 3.Nc3 Bg7 4.e4 d6 5.f3 O-O 6.Bg5 c5 7.d5 e6 8.Qd2 exd5 9.
Nxd5 Be6 10.Ne2 Bxd5 11.cxd5 Nbd7 12.Nc3 a6 13.a4 Qa5 14.Be2 b5 15.O-O b4 
16.Nd1 Rfe8 17.Ne3 Ne5 18.Kh1 Qc7 19.Rac1 b3 20.Nc4 Nxc4 21.Bxc4 Nd7 22.
Rfe1 Reb8 23.f4 f6 24.Bh4 Rb4 25.Bxa6 Rxa4 26.Bb5 R4a7 27.Bc6 Rb8 28.Ra1 
Rb4 29.Qe2 Ra2 30.Rxa2 bxa2 31.Ra1 Nb8 32.Be1 Nxc6 33.dxc6 Ra4 34.Qb5 Ra8 
35.f5 gxf5 36.exf5 Rc8 37.Qc4+ Kh8 38.Rxa2 Qxc6 39.Ra6 Re8 40.Bc3 Qc8 41.
Rxd6 Qxf5 42.h3 Qf2 43.Rd7 Rf8 44.Qe4 Qg3 45.Qd5 Qf2 46.Qe4 Qg3 47.Re7 Qd6
48.Re6 Qg3 49.Qd5 Qg5 50.Qd6 Qf5 51.Qxf8+ Bxf8 52.Rxf6 Qxf6 53.Bxf6+ Kg8 
54.Kg1 Kf7 55.Bc3 Ke6 56.Kf2 Kf5 57.Ke3 h5 58.b3 Be7 59.Kd3 h4 60.Be1 Ke5 
61.Kc4 Kd6 62.b4 1-0

[Event "Soviet zonal"]
[Site "Vilnius URS"]
[Date "1975.08.??"]
[Round "1"]
[White "Romanishin, Oleg"]
[Black "Kholmov, Ratmir"]
[Result "1/2-1/2"]
[WhiteElo "2485"]
[BlackElo "2540"]
[EventDate "1975.08.06"]
[PlyCount "88"]

1.e4 c6 2.Nc3 d5 3.Nf3 dxe4 4.Nxe4 Nf6 5.Qe2 Nxe4 6.Qxe4 Qd5 7.Qe3 Bf5 8.
c4 Qe4 9.d3 Qxe3+ 10.fxe3 Nd7 11.Be2 e5 12.e4 Bb4+ 13.Kf2 Be6 14.Be3 f6 
15.d4 exd4 16.Nxd4 Bf7 17.Rhd1 g6 18.Nf3 Bc5 19.Bxc5 Nxc5 20.e5 O-O 21.
exf6 Ne4+ 22.Kg1 Nxf6 23.Ng5 Rae8 24.Re1 Re5 25.Nxf7 Kxf7 26.Bf3 Rxe1+ 27.
Rxe1 Rd8 28.Re3 g5 29.h3 h5 30.Rb3 Rd7 31.g4 hxg4 32.hxg4 c5 33.Bxb7 Rd4 
34.Bf3 Rxc4 35.Kf1 Ke6 36.Ra3 Rf4 37.Ke2 Nxg4 38.Bxg4+ Rxg4 39.b3 Re4+ 40.
Kf3 Rf4+ 41.Kg3 Rf7 42.Ra6+ Kd5 43.Rg6 Rf1 44.Ra6 Rf7 1/2-1/2

[Event "Soviet zonal"]
[Site "Vilnius URS"]
[Date "1975.08.??"]
[Round "1"]
[White "Taimanov, Mark"]
[Black "Vasiukov, Evgeny"]
[Result "1/2-1/2"]
[WhiteElo "2580"]
[BlackElo "2560"]
[EventDate "1975.08.06"]
[PlyCount "34"]

1.e4 c5 2.Nf3 Nc6 3.c3 d5 4.exd5 Qxd5 5.d4 cxd4 6.cxd4 e5 7.Nc3 Bb4 8.Bd2 
Bxc3 9.Bxc3 e4 10.Ne5 Nxe5 11.dxe5 Ne7 12.Qa4+ Bd7 13.Qa3 Qe6 14.Rd1 O-O 
15.Qd6 Bc6 16.Qxe6 fxe6 17.Bc4 Bd5 1/2-1/2

[Event "Soviet zonal"]
[Site "Vilnius URS"]
[Date "1975.08.??"]
[Round "1"]
[White "Tukmakov, Vladimir"]
[Black "Grigorian, Karen"]
[Result "1/2-1/2"]
[WhiteElo "2570"]
[BlackElo "2520"]
[EventDate "1975.08.06"]
[PlyCount "42"]

1.c4 Nf6 2.Nc3 e6 3.Nf3 Bb4 4.g3 O-O 5.Bg2 c5 6.Na4 d6 7.a3 Ba5 8.Rb1 Nc6 
9.O-O Bd7 10.Ne1 Rb8 11.Nc3 a6 12.Nc2 b5 13.b4 cxb4 14.axb4 Bc7 15.d3 Qe7 
16.cxb5 axb5 17.Na3 Na7 18.Be3 Bb6 19.Qd2 Rfc8 20.Rfc1 Bxe3 21.Qxe3 Bc6 
1/2-1/2

[Event "Soviet zonal"]
[Site "Vilnius URS"]
[Date "1975.08.??"]
[Round "2"]
[White "Balashov, Yury"]
[Black "Taimanov, Mark"]
[Result "0-1"]
[WhiteElo "2540"]
[BlackElo "2580"]
[EventDate "1975.08.06"]
[PlyCount "70"]

1.d4 Nf6 2.c4 e6 3.Nc3 Bb4 4.Bg5 h6 5.Bh4 c5 6.d5 O-O 7.e3 d6 8.Bd3 Bxc3+ 
9.bxc3 e5 10.Qc2 g5 11.Bg3 Nh5 12.Qd1 Nxg3 13.hxg3 Kg7 14.g4 Nd7 15.Ne2 
Nf6 16.Ng3 Bxg4 17.f3 Bd7 18.Bf5 Rh8 19.Qb1 Rb8 20.a4 Kf8 21.Kf2 Be8 22.
Qc1 h5 23.e4 h4 24.Ne2 Nh5 25.g3 Qf6 26.gxh4 gxh4 27.Qg1 Rg8 28.Qf1 Ng3 
29.Nxg3 Rxg3 30.Qe2 Ke7 31.Rag1 Qg5 32.Qe3 Qxe3+ 33.Kxe3 Rxg1 34.Rxg1 Bxa4
35.Ra1 Bb3 0-1

[Event "Soviet zonal"]
[Site "Vilnius URS"]
[Date "1975.08.??"]
[Round "2"]
[White "Bronstein, David"]
[Black "Tukmakov, Vladimir"]
[Result "1/2-1/2"]
[WhiteElo "2590"]
[BlackElo "2570"]
[EventDate "1975.08.06"]
[PlyCount "57"]

1.e4 c5 2.Nf3 Nc6 3.d4 cxd4 4.Nxd4 Nf6 5.Nc3 d6 6.Bc4 e6 7.Be3 Be7 8.Qe2 
Qc7 9.O-O-O a6 10.Bb3 Na5 11.g4 b5 12.g5 Nxb3+ 13.axb3 Nd7 14.h4 b4 15.Na4
Nc5 16.h5 Bd7 17.g6 Bf6 18.gxf7+ Kxf7 19.h6 g6 20.e5 Bxa4 21.bxa4 dxe5 22.
Nf3 Rhc8 23.Bxc5 Qxc5 24.Kb1 Qc4 25.Nxe5+ Bxe5 26.Qxe5 Qxc2+ 27.Ka1 Qxa4+ 
28.Kb1 Qc2+ 29.Ka1 1/2-1/2

[Event "Soviet zonal"]
[Site "Vilnius URS"]
[Date "1975.08.??"]
[Round "2"]
[White "Grigorian, Karen"]
[Black "Gulko, Boris"]
[Result "1/2-1/2"]
[WhiteElo "2520"]
[BlackElo "2480"]
[EventDate "1975.08.06"]
[PlyCount "95"]

1.d4 Nf6 2.c4 e6 3.Nc3 Bb4 4.Qc2 d5 5.a3 Bxc3+ 6.Qxc3 Ne4 7.Qc2 c5 8.dxc5 
Nc6 9.cxd5 exd5 10.Nf3 Bf5 11.b4 O-O 12.Bb2 b6 13.b5 bxc5 14.bxc6 Qa5+ 15.
Nd2 Rab8 16.Rd1 d4 17.c7 Qxc7 18.Nxe4 Bxe4 19.Qd2 Rfe8 20.h4 Rb6 21.Rh3 
Qb7 22.Bxd4 cxd4 23.Qxd4 Bc2 24.Re3 Rf8 25.Ra1 Rb1+ 26.Kd2 Bg6 27.h5 Bxh5 
28.Re5 Bg6 29.Rc5 Rb8 30.Rc1 Rb3 31.Ke1 Qe7 32.Qc5 Qxc5 33.Rxc5 Rb1+ 34.
Rc1 Rxa1 35.Rxa1 Kf8 36.Kd2 Rb3 37.g4 Ke7 38.Bg2 Kd6 39.f4 f6 40.a4 a5 41.
Rc1 Rb2+ 42.Ke3 Bc2 43.Rh1 Bxa4 44.Rxh7 Bd1 45.Bf3 a4 46.Rxg7 a3 47.Ra7 a2
48.Kd4 1/2-1/2

[Event "Soviet zonal"]
[Site "Vilnius URS"]
[Date "1975.08.??"]
[Round "2"]
[White "Gufeld, Eduard"]
[Black "Romanishin, Oleg"]
[Result "1/2-1/2"]
[WhiteElo "2480"]
[BlackElo "2485"]
[EventDate "1975.08.06"]
[PlyCount "76"]

1.e4 e5 2.Nf3 Nc6 3.Bb5 a6 4.Ba4 Nf6 5.O-O Be7 6.Re1 b5 7.Bb3 d6 8.c3 O-O 
9.h3 Na5 10.Bc2 c5 11.d4 Nc6 12.Nbd2 cxd4 13.cxd4 Nd7 14.Nb3 a5 15.Be3 a4 
16.Nbd2 Bf6 17.d5 Nd4 18.Rc1 Bb7 19.Bb1 Qb6 20.Nf1 Rfc8 21.Qd2 Rxc1 22.
Rxc1 Rc8 23.Rxc8+ Bxc8 24.N1h2 Nf8 25.Nxd4 exd4 26.Bg5 Bxg5 27.Qxg5 a3 28.
Qd2 Ng6 29.Nf3 Ne5 30.Nxe5 dxe5 31.bxa3 Bd7 32.Qb4 Qc7 33.Qb2 Qc4 34.f3 h5
35.h4 g6 36.Kf2 f6 37.Ke1 Kg7 38.Kf2 Kg8 1/2-1/2

[Event "Soviet zonal"]
[Site "Vilnius URS"]
[Date "1975.08.??"]
[Round "2"]
[White "Vaganian, Rafael"]
[Black "Dvoretsky, Mark"]
[Result "1/2-1/2"]
[WhiteElo "2530"]
[BlackElo "2495"]
[EventDate "1975.08.06"]
[PlyCount "134"]

1.Nf3 Nf6 2.c4 g6 3.Nc3 Bg7 4.g3 O-O 5.Bg2 d6 6.O-O Nc6 7.Rb1 e5 8.d3 a5 
9.a3 Bf5 10.b4 axb4 11.axb4 Qd7 12.b5 Ne7 13.Re1 Bh3 14.Bh1 h6 15.Bb2 Ng4 
16.d4 Qe6 17.Qd3 c6 18.e4 exd4 19.Nxd4 Ne5 20.Nxe6 Nxd3 21.Nxg7 Kxg7 22.
Red1 Nxb2 23.Rxb2 Ra3 24.Ne2 Be6 25.Rc1 Rfa8 26.bxc6 bxc6 27.Nd4 Bc8 28.e5
Ra1 29.Rbb1 Rxb1 30.Rxb1 dxe5 31.Nxc6 Nxc6 32.Bxc6 Ra6 33.Bb5 Rb6 34.Kf1 
Bd7 35.Ke2 Kf6 36.Kd2 Ke7 37.Kc3 Rf6 38.Rb2 Bc8 39.Kb4 Kd6 40.Rd2+ Kc7 41.
Kc5 g5 42.Re2 Re6 43.Re3 Bb7 44.Rd3 Bc8 45.Rf3 f6 46.g4 e4 47.Rh3 f5 48.
gxf5 Re5+ 49.Kd4 Rxf5 50.Rxh6 Rxf2 51.c5 Rb2 52.Rh7+ Kb8 53.Bc6 Bf5 54.Rf7
Bc8 55.Bxe4 Rd2+ 56.Ke5 Rxh2 57.c6 Re2 58.Re7 g4 59.Kd6 g3 60.Re8 g2 61.
Rxc8+ Kxc8 62.Bf5+ Kb8 63.c7+ Ka7 64.c8=Q g1=Q 65.Qc7+ Ka8 66.Qd8+ Ka7 67.
Qa5+ Kb8 1/2-1/2

[Event "Soviet zonal"]
[Site "Vilnius URS"]
[Date "1975.08.??"]
[Round "2"]
[White "Vasiukov, Evgeny"]
[Black "Alburt, Lev"]
[Result "1-0"]
[WhiteElo "2560"]
[BlackElo "2420"]
[EventDate "1975.08.06"]
[PlyCount "127"]

1.e4 Nf6 2.e5 Nd5 3.d4 d6 4.Nf3 Bg4 5.Be2 e6 6.O-O Be7 7.h3 Bh5 8.c4 Nb6 
9.Nc3 O-O 10.Be3 d5 11.c5 Bxf3 12.gxf3 Nc8 13.f4 Bh4 14.Bd3 g6 15.Qg4 f5 
16.Qd1 Nc6 17.Kh2 Kh8 18.Ne2 N8e7 19.Ng1 Ng8 20.Nf3 Nh6 21.a3 Nf7 22.b4 a6
23.Rg1 Rg8 24.Rg2 h6 25.Qc2 Kh7 26.Rag1 Nh8 27.Bd2 Qe7 28.Bc3 Nd8 29.Bd2 
Ndf7 30.c6 b6 31.a4 Qd8 32.Qd1 Be7 33.Qe2 Qc8 34.Rc1 Ra7 35.Rgg1 Qf8 36.
Rb1 Qa8 37.Rgc1 g5 38.fxg5 Bxg5 39.Nxg5+ Nxg5 40.Rg1 Qd8 41.Rg3 Ne4 42.
Bxe4 Rxg3 43.Bxf5+ Rg6 44.Bxg6+ Nxg6 45.Rg1 Qf8 46.Qh5 Qg7 47.Bg5 Ra8 48.
Bf6 Qf7 49.Qe2 Ne7 50.Bxe7 Qxe7 51.Qd3+ Kh8 52.Qg6 Qf8 53.f3 Re8 54.Rg4 
Re7 55.Rh4 Rh7 56.Qxe6 h5 57.Qxd5 Rh6 58.b5 Qa3 59.Qd8+ Kg7 60.Qd7+ Kg8 
61.Qd8+ Kg7 62.Qd7+ Kh8 63.Rxh5 Qa2+ 64.Kg3 1-0

[Event "Soviet zonal"]
[Site "Vilnius URS"]
[Date "1975.08.??"]
[Round "3"]
[White "Gulko, Boris"]
[Black "Bronstein, David"]
[Result "1/2-1/2"]
[WhiteElo "2480"]
[BlackElo "2590"]
[EventDate "1975.08.06"]
[PlyCount "44"]

1.d4 Nf6 2.c4 e6 3.Nf3 d5 4.g3 dxc4 5.Bg2 a6 6.a4 Nc6 7.O-O Na5 8.Nbd2 c5 
9.dxc5 Bxc5 10.Ne5 c3 11.bxc3 O-O 12.Nec4 Be7 13.Nxa5 Qxa5 14.Qb3 e5 15.
Nc4 Qc7 16.Nb6 Rb8 17.c4 Bg4 18.Bb2 a5 19.Rac1 Bb4 20.Nd5 Nxd5 21.cxd5 Qd6
22.Rc2 Bd7 1/2-1/2

[Event "Soviet zonal"]
[Site "Vilnius URS"]
[Date "1975.08.??"]
[Round "3"]
[White "Taimanov, Mark"]
[Black "Savon, Vladimir"]
[Result "1/2-1/2"]
[WhiteElo "2580"]
[BlackElo "2575"]
[EventDate "1975.08.06"]
[PlyCount "42"]

1.Nf3 Nf6 2.c4 g6 3.Nc3 d5 4.cxd5 Nxd5 5.g3 Bg7 6.Bg2 O-O 7.O-O e5 8.Nxd5 
Qxd5 9.d3 Nc6 10.Qa4 Qd6 11.Bd2 a5 12.Rac1 h6 13.Be3 Rd8 14.Rfe1 Bd7 15.
Nd2 Nd4 16.Qc4 c6 17.Ne4 Qe7 18.Qc5 Qxc5 19.Nxc5 Bc8 20.b3 Rb8 21.Na4 Bg4 
1/2-1/2

[Event "Soviet zonal"]
[Site "Vilnius URS"]
[Date "1975.08.??"]
[Round "3"]
[White "Tseshkovsky, Vitaly"]
[Black "Gufeld, Eduard"]
[Result "0-1"]
[WhiteElo "2555"]
[BlackElo "2535"]
[EventDate "1975.08.06"]
[PlyCount "75"]

1.e4 c5 2.Nf3 Nc6 3.d4 cxd4 4.Nxd4 g6 5.c4 Nf6 6.Nc3 Bg7 7.Nc2 O-O 8.Be2 
b6 9.O-O Bb7 10.Rb1 Ne8 11.Qd2 Nd6 12.f3 f5 13.Nb5 fxe4 14.Nxd6 exd6 15.
Qxd6 Ne5 16.f4 Nd3 17.Bxd3 exd3 18.Qxd3 Re8 19.Bd2 Be4 20.Qb3 Qh4 21.Rbe1 
Qg4 22.c5+ Kh8 23.Ne3 Qe6 24.cxb6 d5 25.b7 Rab8 26.f5 Qa6 27.f6 Bxf6 28.
Nxd5 Bd4+ 29.Be3 Be5 30.Bf4 Bd4+ 31.Be3 Be5 32.Nc7 Bxc7 33.Bd4+ Be5 34.
Bxe5+ Rxe5 35.Rf8+ Rxf8 36.b8=Q Qf6 37.Qxa7 Bd3 38.Qd1 0-1

[Event "Soviet zonal"]
[Site "Vilnius URS"]
[Date "1975.08.??"]
[Round "4"]
[White "Balashov, Yury"]
[Black "Romanishin, Oleg"]
[Result "1/2-1/2"]
[WhiteElo "2540"]
[BlackElo "2485"]
[EventDate "1975.08.06"]
[PlyCount "106"]

1.d4 Nf6 2.Nf3 b6 3.c4 Bb7 4.Nc3 e6 5.a3 d5 6.cxd5 Nxd5 7.e3 Be7 8.Bb5+ c6
9.Bd3 O-O 10.O-O c5 11.e4 Nxc3 12.bxc3 Nc6 13.Be3 cxd4 14.cxd4 Bf6 15.Bc2 
Rc8 16.Rc1 e5 17.d5 Na5 18.Bd3 Qd6 19.Qa4 Be7 20.Rxc8 Bxc8 21.Rc1 Bg4 22.
Rc3 h6 23.Nd2 Bg5 24.Bxg5 hxg5 25.Qb4 Nb7 26.Qxd6 Nxd6 27.Ba6 f6 28.Rc7 
Rf7 29.Rc6 Ne8 30.f3 Bd7 31.Rc3 Kf8 32.Nf1 Ke7 33.Ne3 Kd8 34.Kf2 Nd6 35.
Nc4 Ke7 36.Nxd6 Kxd6 37.Ke3 Rf8 38.Kd2 Rh8 39.h3 Rb8 40.Kc2 Ba4+ 41.Kb2 g6
42.Rc4 Bd7 43.a4 f5 44.Kc3 fxe4 45.fxe4 g4 46.hxg4 Rf8 47.Bb5 Rf4 48.Bxd7 
Kxd7 49.g5 Rg4 50.a5 bxa5 51.Ra4 Kc7 52.Rxa5 Rxe4 53.Rxa7+ Kd6 1/2-1/2

[Event "Soviet zonal"]
[Site "Vilnius URS"]
[Date "1975.08.??"]
[Round "4"]
[White "Bronstein, David"]
[Black "Dvoretsky, Mark"]
[Result "1-0"]
[WhiteElo "2590"]
[BlackElo "2495"]
[EventDate "1975.08.06"]
[PlyCount "85"]

1.d4 Nf6 2.c4 g6 3.Nc3 Bg7 4.e4 d6 5.f3 O-O 6.Be3 c5 7.dxc5 dxc5 8.Qxd8 
Rxd8 9.Bxc5 Nc6 10.Nd5 Nxd5 11.cxd5 b6 12.Ba3 Nd4 13.O-O-O e6 14.Ne2 Nb5 
15.Be7 Rd7 16.Bh4 exd5 17.Nf4 Nc7 18.Nxd5 Nxd5 19.Rxd5 Rxd5 20.exd5 Bb7 
21.d6 Bf8 22.d7 Bh6+ 23.Kb1 g5 24.Bf2 Bc6 25.Be3 Bxd7 26.Bd3 Re8 27.Bc1 
Re6 28.Bf5 Rd6 29.Bxd7 Rxd7 30.h4 Re7 31.hxg5 Bf8 32.Rd1 Re2 33.Rd8 Rxg2 
34.Bf4 Kg7 35.Be5+ f6 36.Bxf6+ Kf7 37.f4 h5 38.gxh6 Bxh6 39.Be5 Rg4 40.Rd6
Rh4 41.Kc2 Ke7 42.f5 Bf4 43.f6+ 1-0

[Event "Soviet zonal"]
[Site "Vilnius URS"]
[Date "1975.08.??"]
[Round "4"]
[White "Gufeld, Eduard"]
[Black "Tukmakov, Vladimir"]
[Result "1-0"]
[WhiteElo "2535"]
[BlackElo "2570"]
[EventDate "1975.08.06"]
[PlyCount "59"]

1.e4 c5 2.Nf3 Nc6 3.d4 cxd4 4.Nxd4 Nf6 5.Nc3 d6 6.Bg5 e6 7.Qd2 Be7 8.O-O-O
O-O 9.f4 h6 10.Bh4 e5 11.Nf5 Bxf5 12.exf5 exf4 13.Kb1 d5 14.Bxf6 Bxf6 15.
Nxd5 Be5 16.Bc4 b5 17.Bxb5 Rb8 18.c4 Nd4 19.Rhe1 f6 20.Ba4 Nxf5 21.Bb3 Nd4
22.Qd3 a5 23.Ba4 Rf7 24.Qe4 Rfb7 25.b3 Nxb3 26.axb3 Rxb3+ 27.Bxb3 Rxb3+ 
28.Kc2 Rb2+ 29.Kc1 Qf8 30.Ne7+ 1-0

[Event "Soviet zonal"]
[Site "Vilnius URS"]
[Date "1975.08.??"]
[Round "4"]
[White "Savon, Vladimir"]
[Black "Alburt, Lev"]
[Result "1/2-1/2"]
[WhiteElo "2575"]
[BlackElo "2420"]
[EventDate "1975.08.06"]
[PlyCount "156"]

1.e4 Nf6 2.e5 Nd5 3.d4 d6 4.Nf3 Bg4 5.Be2 e6 6.O-O Nb6 7.a4 a5 8.exd6 cxd6
9.Nc3 Be7 10.h3 Bh5 11.Bf4 O-O 12.Re1 Na6 13.Nd2 Bg6 14.Nc4 Nb4 15.Rc1 Rc8
16.Ne3 Bg5 17.Bxg5 Qxg5 18.Bb5 Bh5 19.Qd2 Bf3 20.h4 Qg6 21.Ne2 Bc6 22.c3 
N4d5 23.Bxc6 Rxc6 24.Nxd5 Nxd5 25.c4 Nb4 26.Rc3 Qf6 27.Nf4 Qxh4 28.d5 exd5
29.Nxd5 Nxd5 30.Qxd5 Rc5 31.Qxd6 Rxc4 32.Rce3 Rcc8 33.Qd7 g6 34.Re4 Qf6 
35.Qxb7 Rb8 36.Qc7 Rxb2 37.Rf4 Rc2 38.Rxf6 Rxc7 39.Re5 Ra8 40.Rf4 Raa7 41.
Rd4 Rc1+ 42.Kh2 Rc2 43.Kg1 Ra2 44.g4 Kg7 45.g5 h6 46.gxh6+ Kxh6 47.Rb5 Ra6
48.Rf4 f5 49.Kg2 Kg5 50.Rc4 Re6 51.Rb3 Kf6 52.Rd3 Re4 53.Rc6+ Re6 54.Rc4 
Re4 55.Rc6+ Kg5 56.Rg3+ Rg4 57.Rxg4+ Kxg4 58.Rxg6+ Kf4 59.Rh6 Kg5 60.Rh8 
Rxa4 61.f3 Rd4 62.Kg3 Kf6 63.Ra8 Rd5 64.f4 Ke6 65.Kh4 Kd7 66.Kg5 Kc7 67.
Kf6 Kb7 68.Rh8 a4 69.Ke6 Rb5 70.Kd6 a3 71.Rh2 Ra5 72.Ra2 Kb6 73.Ke6 Kc6 
74.Kf6 Kd6 75.Kg6 Ke7 76.Re2+ Kd6 77.Ra2 Ke6 78.Re2+ Kd6 1/2-1/2

[Event "Soviet zonal"]
[Site "Vilnius URS"]
[Date "1975.08.??"]
[Round "4"]
[White "Vaganian, Rafael"]
[Black "Grigorian, Karen"]
[Result "1-0"]
[WhiteElo "2530"]
[BlackElo "2520"]
[EventDate "1975.08.06"]
[PlyCount "77"]

1.c4 Nf6 2.Nc3 e6 3.Nf3 Bb4 4.Qc2 O-O 5.g3 d5 6.a3 Be7 7.cxd5 exd5 8.d4 c5
9.dxc5 d4 10.Ne4 Nxe4 11.Qxe4 Bxc5 12.Bg2 Re8 13.Qd3 h6 14.b4 Bb6 15.Bb2 
Nc6 16.O-O Bg4 17.b5 Ne5 18.Nxe5 Rxe5 19.e4 Qd7 20.a4 f5 21.Qb3+ Kh8 22.f3
Bh5 23.Bh3 Qe8 24.Bxf5 Rxf5 25.exf5 d3+ 26.Kg2 Qe2+ 27.Kh3 Bf2 28.f6 Qxf3 
29.fxg7+ Kh7 30.Rxf2 Qxf2 31.Qxd3+ Bg6 32.Qd4 Qf3 33.Re1 Rg8 34.Qf4 Qh5+ 
35.Kg2 Rc8 36.Kg1 Qc5+ 37.Bd4 Qd5 38.g8=Q+ Kxg8 39.Qf6 1-0

[Event "Soviet zonal"]
[Site "Vilnius URS"]
[Date "1975.08.??"]
[Round "5"]
[White "Dvoretsky, Mark"]
[Black "Kholmov, Ratmir"]
[Result "1/2-1/2"]
[WhiteElo "2495"]
[BlackElo "2540"]
[EventDate "1975.08.06"]
[PlyCount "53"]

1.e4 e5 2.Bc4 Nf6 3.d3 c6 4.Nf3 Be7 5.Bb3 O-O 6.Nbd2 d6 7.c3 Be6 8.O-O 
Bxb3 9.Qxb3 Qc7 10.Nc4 Nbd7 11.Re1 Rfe8 12.h3 Bf8 13.Ne3 Nc5 14.Qc2 d5 15.
Nf5 Rad8 16.Bg5 Ncd7 17.Nh2 h6 18.Bh4 g6 19.Ne3 h5 20.Nf3 Bg7 21.Rad1 dxe4
22.dxe4 Nc5 23.Rxd8 Qxd8 24.Rd1 Qc7 25.Rd2 Rd8 26.Rxd8+ Qxd8 27.Qd1 
1/2-1/2

[Event "Soviet zonal"]
[Site "Vilnius URS"]
[Date "1975.08.??"]
[Round "5"]
[White "Grigorian, Karen"]
[Black "Bronstein, David"]
[Result "0-1"]
[WhiteElo "2520"]
[BlackElo "2590"]
[EventDate "1975.08.06"]
[PlyCount "152"]

1.d4 Nf6 2.c4 e6 3.Nf3 d5 4.Nc3 Bb4 5.Bg5 h6 6.Bxf6 Qxf6 7.cxd5 exd5 8.Qb3
Qd6 9.g3 c5 10.Bg2 Nc6 11.O-O Be6 12.Rad1 c4 13.Qc2 Bxc3 14.bxc3 O-O 15.
Nd2 b5 16.e4 f5 17.exd5 Bxd5 18.Bxd5+ Qxd5 19.Rfe1 b4 20.Nf1 f4 21.Qe4 
Rad8 22.Qe6+ Kh8 23.Qxd5 Rxd5 24.Re6 Rc8 25.Rc1 bxc3 26.gxf4 Nxd4 27.Re4 
c2 28.Kg2 Rd6 29.Ne3 c3 30.Kf1 Kg8 31.h3 Kf7 32.Nxc2 Nxc2 33.Rxc2 Rd2 34.
Rxd2 cxd2 35.Rd4 Rc2 36.a4 Kf6 37.Rd5 Ke6 38.Re5+ Kf6 39.Ke2 Rc4 40.a5 Rd4
41.Kd1 Rxf4 42.Re2 Rd4 43.Rxd2 Rxd2+ 44.Kxd2 Kg5 45.Kd3 Kh4 46.Kc4 Kxh3 
47.Kb5 h5 48.Ka6 h4 49.Kxa7 Kg4 50.a6 h3 51.Kb6 h2 52.f3+ Kg3 53.a7 h1=Q 
54.a8=Q Qxf3 55.Qe8 g5 56.Qe5+ Qf4 57.Qc3+ Kg2 58.Ka5 Qf5+ 59.Ka6 Qe6+ 60.
Ka5 Qd5+ 61.Ka6 g4 62.Qb2+ Kf3 63.Qa3+ Ke4 64.Qe7+ Qe5 65.Qb7+ Ke3 66.Qb3+
Kf2 67.Qf7+ Ke1 68.Ka7 Qe3+ 69.Kb8 Qb6+ 70.Ka8 Qc6+ 71.Ka7 g3 72.Qe7+ Kf1 
73.Qf7+ Kg1 74.Qf4 Qc5+ 75.Ka8 g2 76.Qd2 Qc6+ 0-1

[Event "Soviet zonal"]
[Site "Vilnius URS"]
[Date "1975.08.??"]
[Round "5"]
[White "Tseshkovsky, Vitaly"]
[Black "Balashov, Yury"]
[Result "1/2-1/2"]
[WhiteElo "2555"]
[BlackElo "2540"]
[EventDate "1975.08.06"]
[PlyCount "83"]

1.e4 c5 2.Nf3 d6 3.d4 cxd4 4.Nxd4 Nf6 5.Nc3 a6 6.Be2 e5 7.Nb3 Be7 8.O-O 
O-O 9.a4 Be6 10.f4 Qc7 11.Kh1 Nbd7 12.Be3 exf4 13.Rxf4 Ne5 14.a5 Rac8 15.
Nd4 Nfd7 16.Qe1 Rfe8 17.Qg3 Ng6 18.Rff1 Bf6 19.Bg4 Be5 20.Nxe6 fxe6 21.Qh3
Ngf8 22.Bh5 Re7 23.Bg5 Bf6 24.Qg3 Bxg5 25.Qxg5 Ne5 26.Na4 Qd8 27.c3 Rec7 
28.Qg3 Nfd7 29.Be2 Qe7 30.Rad1 Rf8 31.Rxf8+ Qxf8 32.Qe3 Nf6 33.Kg1 Qe8 34.
Qd4 Nf7 35.Nb6 Qc6 36.Bc4 Re7 37.Re1 Ng4 38.b4 Qc7 39.h3 Nge5 40.Bb3 Re8 
41.Rf1 Qe7 42.Qf2 1/2-1/2

[Event "Soviet zonal"]
[Site "Vilnius URS"]
[Date "1975.08.??"]
[Round "5"]
[White "Tukmakov, Vladimir"]
[Black "Vasiukov, Evgeny"]
[Result "1/2-1/2"]
[WhiteElo "2570"]
[BlackElo "2560"]
[EventDate "1975.08.06"]
[PlyCount "39"]

1.e4 c5 2.Nf3 Nc6 3.d4 cxd4 4.Nxd4 Qc7 5.Nc3 e6 6.Be2 Nf6 7.O-O Nxd4 8.
Qxd4 Bc5 9.Qd3 O-O 10.Bg5 Qe5 11.Bh4 Nh5 12.Bxh5 Qxh5 13.Bg3 b6 14.Rad1 a5
15.Rfe1 f5 16.Qd2 Bb7 17.Na4 Bc6 18.Nxc5 bxc5 19.Bd6 Rf6 20.Qe2 1/2-1/2

[Event "Soviet zonal"]
[Site "Vilnius URS"]
[Date "1975.08.??"]
[Round "6"]
[White "Kholmov, Ratmir"]
[Black "Grigorian, Karen"]
[Result "0-1"]
[WhiteElo "2540"]
[BlackElo "2520"]
[EventDate "1975.08.06"]
[PlyCount "112"]

1.e4 c5 2.Nf3 d6 3.d4 cxd4 4.Nxd4 Nf6 5.Nc3 a6 6.f4 Qc7 7.a4 g6 8.Bd3 Nc6 
9.Nxc6 bxc6 10.O-O Bg7 11.Qe2 O-O 12.a5 Nd7 13.Be3 Bb7 14.f5 Ne5 15.Na4 c5
16.Nb6 Rad8 17.c3 gxf5 18.exf5 Nxd3 19.Qxd3 Qc6 20.Qe2 Kh8 21.Rad1 Rg8 22.
Nd5 Be5 23.Rf2 Rde8 24.Bf4 f6 25.Bxe5 dxe5 26.b3 Rd8 27.c4 Qe8 28.Rd3 Rd6 
29.Qe3 Bxd5 30.Rxd5 Rxd5 31.cxd5 Qb5 32.Qc3 Rg4 33.h3 Rd4 34.Rd2 Kg7 35.
Kh2 Qd7 36.Rc2 Rxd5 37.Qg3+ Kf8 38.Qf3 Qd6 39.Qe3 e4+ 40.Kg1 Rd1+ 41.Kf2 
Qh2 42.Rc3 Ke8 43.Qe2 Qf4+ 44.Rf3 exf3 45.Qxd1 fxg2+ 46.Kxg2 Qe4+ 47.Kg1 
Qe3+ 48.Kg2 Qg5+ 49.Kh1 Qxf5 50.Qe2 Qxh3+ 51.Kg1 Qg3+ 52.Kf1 Qf4+ 53.Kg2 
Qd6 54.Qh5+ Kd7 55.Qf5+ Kc6 56.Qxh7 Kb5 0-1

[Event "Soviet zonal"]
[Site "Vilnius URS"]
[Date "1975.08.??"]
[Round "6"]
[White "Savon, Vladimir"]
[Black "Tseshkovsky, Vitaly"]
[Result "1-0"]
[WhiteElo "2575"]
[BlackElo "2555"]
[EventDate "1975.08.06"]
[PlyCount "83"]

1.e4 c6 2.d4 d5 3.Nd2 g6 4.Ngf3 Bg7 5.c3 Nd7 6.Bd3 dxe4 7.Nxe4 Ngf6 8.
Nxf6+ Nxf6 9.O-O O-O 10.Re1 Qc7 11.Qe2 Be6 12.Ng5 Bd7 13.Bc4 Rae8 14.h3 
Nd5 15.Nf3 Nb6 16.Bb3 c5 17.dxc5 Qxc5 18.Be3 Qc7 19.Rad1 e6 20.Bd4 Bxd4 
21.Rxd4 Kg7 22.Ne5 Bc8 23.Red1 Rd8 24.Qe3 Rxd4 25.Rxd4 Qe7 26.a4 f6 27.a5 
Na8 28.Nd3 Nc7 29.Nb4 a6 30.Nd5 Nxd5 31.Rxd5 Bd7 32.Rd2 Rc8 33.Bd5 Rc5 34.
Bxb7 Rxa5 35.Qb6 Ra1+ 36.Kh2 Bb5 37.Bc6 Bxc6 38.Qxc6 Kh6 39.Rd7 Qf8 40.Qc7
Qh8 41.Rd8 Qg7 42.Rd7 1-0

[Event "Soviet zonal"]
[Site "Vilnius URS"]
[Date "1975.08.??"]
[Round "6"]
[White "Taimanov, Mark"]
[Black "Alburt, Lev"]
[Result "1/2-1/2"]
[WhiteElo "2580"]
[BlackElo "2420"]
[EventDate "1975.08.06"]
[PlyCount "71"]

1.c4 Nf6 2.Nc3 c5 3.g3 e6 4.Nf3 d5 5.cxd5 Nxd5 6.Bg2 Be7 7.O-O O-O 8.Nxd5 
exd5 9.d4 Nc6 10.dxc5 Bxc5 11.Bf4 Bf5 12.Rc1 Bb6 13.Ne5 Nxe5 14.Bxe5 Re8 
15.Bf4 Be4 16.Bxe4 Rxe4 17.Qd3 Qe7 18.Rc2 Qe6 19.Bc7 h5 20.Bxb6 axb6 21.
Rd1 Re5 22.a3 h4 23.gxh4 d4 24.Kh1 Re4 25.Rg1 Rxh4 26.Rg2 Re8 27.f3 g6 28.
Rc7 Kg7 29.Qc4 Qf6 30.Rxb7 Reh8 31.Qc7 d3 32.Rxb6 Rxh2+ 33.Rxh2 dxe2 34.
Rxf6 e1=Q+ 35.Kg2 Qd2+ 36.Kg1 1/2-1/2

[Event "Soviet zonal"]
[Site "Vilnius URS"]
[Date "1975.08.??"]
[Round "6"]
[White "Vaganian, Rafael"]
[Black "Bronstein, David"]
[Result "1-0"]
[WhiteElo "2530"]
[BlackElo "2590"]
[EventDate "1975.08.06"]
[PlyCount "115"]

1.Nf3 Nf6 2.c4 g6 3.Nc3 Bg7 4.g3 O-O 5.Bg2 d6 6.O-O e5 7.d4 Nbd7 8.e4 a6 
9.Re1 c6 10.b3 exd4 11.Nxd4 Ng4 12.Bb2 Nc5 13.h3 Ne5 14.Re3 Qb6 15.Qe2 a5 
16.Rd1 a4 17.f4 axb3 18.axb3 Nxb3 19.Nd5 cxd5 20.Rxb3 Qc5 21.Rb5 Qa7 22.
fxe5 dxe5 23.Ra1 Qxa1+ 24.Bxa1 Rxa1+ 25.Kh2 exd4 26.exd5 Ra3 27.d6 Re3 28.
Qf2 Rfe8 29.Bf3 d3 30.Kg2 Re2 31.Bxe2 Rxe2 32.Qxe2 dxe2 33.Kf2 Be6 34.Rxb7
Bf6 35.c5 Bc4 36.d7 Kg7 37.Rb1 Bd3 38.Rc1 Bd4+ 39.Kf3 Bb2 40.d8=Q Bxc1 41.
Qd4+ Kg8 42.Qd8+ Kg7 43.Qa5 Bg5 44.Kf2 Bf6 45.c6 h5 46.h4 Bd4+ 47.Ke1 Bf5 
48.Qxf5 gxf5 49.c7 Be5 50.c8=Q Bxg3+ 51.Kxe2 Bxh4 52.Qxf5 Bf6 53.Qxh5 Kg8 
54.Kf3 Bg7 55.Ke4 Ba1 56.Kd5 Bh8 57.Kd6 Bf6 58.Kd7 1-0